00872nam a2200253 i 450000100060000000300090000600500170001500800410003201500180007302000150009104000270010604100080013308000130014108000120015410000970016624500600026325000530032326000710037630000210044765000230046885600980049194200120058999900170060110501KOSZ 00520180425130531.0180425s2002 pl |000 0 pol  aPB 2004/11290 a8388283847 aWA NcBPKdKOSZ 005/HR0 apol a346(438) a(094.4) aSALIK, Halina.d1999 - 2007.bPolitechnika Koszalińska - Wydział Ekonomii i Zarządzania00aŹródła prawa gospodarczego /coprac. Halina Salik. aStan prawny na dzień 31 października 2001 r. aKoszalin :bWydaw. Uczelniane Politechniki Koszalińskiej,c2002. a382 s. ;c24 cm. 0aPrawo gospodarcze. uhttp://koha.tu.koszalin.pl/cgi-bin/koha/opac-detail.pl?biblionumber=40565yKatalog online BPK 2UKDcKS c10501d10501